| 000 | 00648nam a2200241Ia 4500 | ||
|---|---|---|---|
| 003 | OSt | ||
| 005 | 20221005073253.0 | ||
| 006 | a|||||r|||| 00| 0 | ||
| 007 | ta | ||
| 008 | 221004b |||||||| |||| 00| 0 eng d | ||
| 024 | _a70204 | ||
| 037 | _cTextual | ||
| 040 |
_aCRL _cCRL _beng |
||
| 041 |
_2eng _aeng |
||
| 082 | _aY125:7:7, N4 | ||
| 100 |
_aSohoni Neerakuchreja _9607887 |
||
| 245 | 0 | _aStatus of girls in development strategies | |
| 260 |
_aNew Delhi _bHar Anand India _c1994 |
||
| 300 |
_a252p. _ccm. |
||
| 650 | _aSOCIOLOGY | ||
| 942 |
_hY125:7:7, N4 _cTEXL _2cc |
||
| 999 |
_c980881 _d980881 |
||